[Event "Bayern-chI Bank Hofmann 23rd"]
[Site "Tegernsee"]
[Date "2019.10.26"]
[Round "1"]
[White "Badelka, Olga"]
[Black "Schrems, Hermann"]
[Result "1-0"]
[WhiteElo "2413"]
[BlackElo "2108"]
[PlyCount "91"]
[EventDate "2019.10.26"]
[EventType "swiss"]
[EventRounds "9"]
[EventCountry "GER"]
[SourceTitle "CBM 192 Extra"]
[Source "Chessbase"]
[SourceDate "2019.11.06"]
[SourceVersion "1"]
[SourceVersionDate "2019.11.06"]
[SourceQuality "1"]

1. c4 Nf6 2. Nc3 g6 3. d4 d5 4. Bf4 Bg7 5. e3 c5 6. dxc5 Qa5 7. Rc1 Ne4 8. Nge2 dxc4 9. Qa4+ Qxa4 10. Nxa4 Nc6 11. Rxc4 f5 12. f3 Be6 13. Rc1 Nf6 14. Nec3 0-0 15. Bb5 Nb4 16. a3 Nbd5 17. Nxd5 Nxd5 18. Bc4 Nxf4 19. exf4 Bxc4 20. Rxc4 Rfd8 21. Ke2 e5 22. fxe5 Bxe5 23. f4 Bc7 24. Nc3 Rd7 25. Rd1 Re8+ 26. Kf3 Rxd1 27. Nxd1 Kf7 28. Ne3 Rd8 29. Ra4 a6 30. Rb4 Rb8 31. g3 Ke6 32. h3 Bd8 33. Rd4 Be7 34. Rc4 b5 35. Rc2 Rd8 36. b4 Rd7 37. g4 Bd8 38. gxf5+ gxf5 39. c6 Rf7 40. Rc5 Bc7 41. Rd5 Bd6 42. Rd1 Rc7 43. Nxf5 Be5 44. Re1 Kxf5 45. Rxe5+ Kf6 46. Rc5 1-0

[Event "Baden Wuerttemberg-ch Seniors op 4th"]
[Site "Freudenstadt"]
[Date "2018.06.22"]
[Round "8"]
[White "Neis, Dieter"]
[Black "Schrems, Hermann"]
[Result "1/2-1/2"]
[WhiteElo "2047"]
[BlackElo "2123"]
[PlyCount "50"]
[EventDate "2018.06.15"]
[EventType "swiss"]
[EventRounds "9"]
[EventCountry "GER"]
[SourceTitle "EXT 2019"]
[Source "ChessBase"]
[SourceDate "2018.10.10"]
[SourceVersion "1"]
[SourceVersionDate "2018.10.10"]
[SourceQuality "1"]

1. d4 Nf6 2. c4 c5 3. d5 b5 4. cxb5 a6 5. bxa6 g6 6. Nc3 Bxa6 7. e4 Bxf1 8. Kxf1 d6 9. Nf3 Bg7 10. g3 0-0 11. Kg2 Nbd7 12. a4 Qa5 13. Qe2 Ng4 14. Bd2 Qa6 15. Qxa6 Rxa6 16. b3 f5 17. Ra2 fxe4 18. Nxe4 Rf5 19. Bg5 Ngf6 20. Nc3 h6 21. Bxf6 Bxf6 22. Nb5 Rb6 23. Rd1 Rb7 24. Rad2 g5 25. h3 Nb8 1/2-1/2

[Event "Baden Wuerttemberg-ch Seniors op 4th"]
[Site "Freudenstadt"]
[Date "2018.06.18"]
[Round "4"]
[White "Schrems, Hermann"]
[Black "Kiefer, Gerhard"]
[Result "1/2-1/2"]
[WhiteElo "2123"]
[BlackElo "2247"]
[PlyCount "27"]
[EventDate "2018.06.15"]
[EventType "swiss"]
[EventRounds "9"]
[EventCountry "GER"]
[SourceTitle "EXT 2019"]
[Source "ChessBase"]
[SourceDate "2018.10.10"]
[SourceVersion "1"]
[SourceVersionDate "2018.10.10"]
[SourceQuality "1"]

1. d4 d5 2. c4 c6 3. cxd5 cxd5 4. Nc3 Nf6 5. Bf4 Nc6 6. e3 Bf5 7. Qb3 Qb6 8. Qxb6 axb6 9. Bb5 e6 10. Nge2 Kd7 11. 0-0 h6 12. Rfc1 Bd6 13. Na4 Bc7 14. Nec3 1/2-1/2

[Event "Verbandsliga Suedbaden 1718"]
[Site "Baden"]
[Date "2018.01.14"]
[Round "4.8"]
[White "Schrems, Hermann"]
[Black "Jurga, Jonas Vincent"]
[Result "1-0"]
[WhiteElo "2108"]
[BlackElo "1898"]
[PlyCount "63"]
[EventDate "2017.10.08"]
[EventType "team-tourn"]
[EventRounds "9"]
[EventCountry "GER"]
[SourceTitle "EXT 2019"]
[Source "ChessBase"]
[SourceDate "2018.10.10"]
[SourceVersion "1"]
[SourceVersionDate "2018.10.10"]
[SourceQuality "1"]
[WhiteTeam "Emmendingen II"]
[BlackTeam "Baden-Baden IV"]
[WhiteTeamCountry "GER"]
[BlackTeamCountry "GER"]

1. d4 Nf6 2. c4 g6 3. g3 Bg7 4. Bg2 0-0 5. Nc3 d6 6. Nf3 c6 7. 0-0 Nbd7 8. e4 e5 9. h3 Qc7 10. Be3 Re8 11. Qc2 Nh5 12. Rad1 exd4 13. Nxd4 Ne5 14. b3 Be6 15. Kh2 Qe7 16. f4 Bg4 17. Rde1 Bd7 18. Nde2 f5 19. fxe5 Bxe5 20. Nf4 Qg7 21. Nce2 Qh6 22. Qd2 fxe4 23. Nxh5 Qxh5 24. Nf4 Bxf4 25. Rxf4 d5 26. Rh4 Qe5 27. Bd4 Qe6 28. cxd5 cxd5 29. Qh6 Re7 30. Rf1 Rf7 31. Rhf4 Raf8 32. Qxf8+ 1-0